<?xml version="1.0" encoding="UTF-8"?>
<collection xmlns="http://www.loc.gov/MARC21/slim">
 <record>
  <leader>01227nam a22002177a 4500</leader>
  <controlfield tag="001">NCT_54341</controlfield>
  <controlfield tag="008">181025b        xxu||||| |||| 00| 0 vie d</controlfield>
  <datafield tag="999" ind1=" " ind2=" ">
   <subfield code="c">2607</subfield>
   <subfield code="d">2607</subfield>
  </datafield>
  <datafield tag="020" ind1=" " ind2=" ">
   <subfield code="c">99000</subfield>
  </datafield>
  <datafield tag="082" ind1="0" ind2="4">
   <subfield code="2">23rd ed.</subfield>
   <subfield code="a">190</subfield>
   <subfield code="b">P296</subfield>
  </datafield>
  <datafield tag="100" ind1="1" ind2=" ">
   <subfield code="a">Precht, Richard David</subfield>
  </datafield>
  <datafield tag="245" ind1="1" ind2="0">
   <subfield code="a">Tôi là ai - và nếu vậy thì bao nhiêu? :</subfield>
   <subfield code="b">Một chuyến du hành triết luận</subfield>
   <subfield code="c">Richard David Precht ; Trần Vinh (dịch)</subfield>
  </datafield>
  <datafield tag="260" ind1=" " ind2=" ">
   <subfield code="a">H.</subfield>
   <subfield code="b">Dân trí</subfield>
   <subfield code="c">2011</subfield>
  </datafield>
  <datafield tag="300" ind1=" " ind2=" ">
   <subfield code="a">503 tr.</subfield>
   <subfield code="c">21cm</subfield>
  </datafield>
  <datafield tag="520" ind1="3" ind2=" ">
   <subfield code="a">Cuốn sách đề cập của những vấn đề triết luận, những kiến thức thú vị và hài hước, các vấn đề thuộc môn thần kinh học và sinh vật học cũng như nghiên cứu tâm lý học</subfield>
  </datafield>
  <datafield tag="653" ind1=" " ind2=" ">
   <subfield code="a">Tham khảo</subfield>
  </datafield>
  <datafield tag="700" ind1="1" ind2=" ">
   <subfield code="a">Trần Vinh</subfield>
  </datafield>
  <datafield tag="942" ind1=" " ind2=" ">
   <subfield code="2">ddc</subfield>
   <subfield code="c">BK</subfield>
  </datafield>
  <datafield tag="952" ind1=" " ind2=" ">
   <subfield code="0">0</subfield>
   <subfield code="1">0</subfield>
   <subfield code="2">ddc</subfield>
   <subfield code="4">0</subfield>
   <subfield code="6">190_000000000000000_P296</subfield>
   <subfield code="7">0</subfield>
   <subfield code="9">14757</subfield>
   <subfield code="a">000001</subfield>
   <subfield code="b">000001</subfield>
   <subfield code="d">2018-10-25</subfield>
   <subfield code="o">190 P296</subfield>
   <subfield code="p">TK.01160</subfield>
   <subfield code="r">2018-10-25</subfield>
   <subfield code="v">99000.00</subfield>
   <subfield code="w">2018-10-25</subfield>
   <subfield code="y">BK</subfield>
  </datafield>
  <datafield tag="952" ind1=" " ind2=" ">
   <subfield code="0">0</subfield>
   <subfield code="1">0</subfield>
   <subfield code="2">ddc</subfield>
   <subfield code="4">0</subfield>
   <subfield code="6">190_000000000000000_P296</subfield>
   <subfield code="7">0</subfield>
   <subfield code="9">14758</subfield>
   <subfield code="a">000001</subfield>
   <subfield code="b">000001</subfield>
   <subfield code="d">2018-10-25</subfield>
   <subfield code="l">2</subfield>
   <subfield code="o">190 P296</subfield>
   <subfield code="p">TK.01161</subfield>
   <subfield code="r">2019-08-16</subfield>
   <subfield code="s">2019-08-03</subfield>
   <subfield code="v">99000.00</subfield>
   <subfield code="w">2018-10-25</subfield>
   <subfield code="y">BK</subfield>
  </datafield>
  <datafield tag="980" ind1=" " ind2=" ">
   <subfield code="a">Thư viện Trường Đại học Nam Cần Thơ</subfield>
  </datafield>
 </record>
</collection>
